| 000 | 00348nam a2200145Ia 4500 | ||
|---|---|---|---|
| 008 | 150201s2007 xx 000 0 und d | ||
| 082 |
_a610 _bH2007S |
||
| 100 | _aSWASH MICHAEL | ||
| 245 | _aHUTCHISONS CLINICAL METHODS | ||
| 250 | _a22ND | ||
| 260 |
_bSAUNDERS _aPHILADELPHIA _c2007 |
||
| 300 | _a1-546 | ||
| 650 | _aMEDICINE | ||
| 942 |
_2ddc _cBK _02 |
||
| 999 |
_c3955 _d3955 |
||